Normal view
MARC view
Entry Personal Name
001 - CONTROL NUMBER
- control field: 88115
003 - CONTROL NUMBER IDENTIFIER
- control field: dpl
005 - DATE AND TIME OF LATEST TRANSACTION
- control field: 20260307121936.0
008 - FIXED-LENGTH DATA ELEMENTS
- fixed length control field: 260307|| aca||aabn | a|a d
040 ## - CATALOGING SOURCE
- Original cataloging agency: dpl
- Transcribing agency: dpl
100 ## - HEADING--PERSONAL NAME
- Personal name: ओझा, एन.एन
670 ## - SOURCE DATA FOUND
- Source citation: Work cat.: (dpl)215367: सिविल सेवा मुख्य परीक्षा भूगोल :, 2025
